Statistics for Countries Closest to Uzbekistan - 30 Second Sprint

Click here to take the quiz!

General Stats

  • This quiz has been taken 57 times
  • The average score is 11 of 20

Answer Stats

kmcountry% Correct
0Kazakhstan
95%
0Kyrgyzstan
93%
524Russia
93%
0Tajikistan
83%
0Afghanistan
78%
108China
78%
0Turkmenistan
78%
330Pakistan
76%
617India
61%
329Iran
61%
484Azerbaijan
51%
1039Iraq
49%
821Armenia
44%
774Georgia
39%
964Turkey
39%
1517Mongolia
32%
1466Nepal
29%
1260Syria
17%
1442Kuwait
15%
1543Oman
12%

Score Distribution

Percentile by Number Answered

Percent of People with Each Score

Your Score History

You have not taken this quiz